The romantic imagination
Colección de conferencias y guía crítica, evalúa el valor literario de Blake, Coleridge, Wordsworth, Shelley, Keats, Byron, Poe, Christina y Dante, Gabriel Rossetti y Swinburne. Brinda una visión importante del poder de la imaginación al aclarar un error sobresaliente sobre los poetas románticos ing...
Đã lưu trong:
| Tác giả chính: | |
|---|---|
| Định dạng: | Sách |
| Ngôn ngữ: | Undetermined |
| Được phát hành: |
Oxford, Estados Unidos
Oxford University Press
1978
|
| Những chủ đề: | |
| Các nhãn: |
Thêm thẻ
Không có thẻ, Là người đầu tiên thẻ bản ghi này!
|
MARC
| LEADER | 00000nam a2200000Ia 4500 | ||
|---|---|---|---|
| 008 | 170316s9999 xx 000 0 und d | ||
| 040 | |a cru BVZT | ||
| 090 | |a 810 B-17.1t | ||
| 100 | |a Bowra, C.M. |9 714 | ||
| 245 | 4 | |a The romantic imagination |c / C.M. Bowra | |
| 260 | |a Oxford, Estados Unidos |b Oxford University Press |c 1978 | ||
| 300 | |a 306 páginas | ||
| 520 | |a Colección de conferencias y guía crítica, evalúa el valor literario de Blake, Coleridge, Wordsworth, Shelley, Keats, Byron, Poe, Christina y Dante, Gabriel Rossetti y Swinburne. Brinda una visión importante del poder de la imaginación al aclarar un error sobresaliente sobre los poetas románticos ingleses. El autor muestra que los poetas no se complacían en estados imaginarios sacados de este mundo, sino que veían la imaginación como una herramienta para abrir la percepción a lo espiritual que existe en este mundo. | ||
| 650 | |a LITERATURA ESTADOUNIDENSE |9 25 | ||
| 650 | |a EN IDIOMA INGLÉS |9 129 | ||
| 650 | |a CONFERENCIAS DE ESCRITORES |9 715 | ||
| 650 | |a BLAKE |9 716 | ||
| 650 | |a COLERIDGE |9 726 | ||
| 650 | |a WORDSWORTH |9 727 | ||
| 650 | |a SHELLEY |9 728 | ||
| 650 | |a KEATS |9 729 | ||
| 650 | |a BYRON |9 730 | ||
| 650 | |a EDGAR ALLAN POE |9 731 | ||
| 650 | |a CHRISTINA Y DANTE |9 723 | ||
| 650 | |a GABRIEL ROSSETTI |9 724 | ||
| 650 | |a SWINBURNE |9 725 | ||
| 999 | |c 5441 |d 5441 | ||
| 942 | |c 15 D |h 810 B-17.1t |2 z | ||
